Cyberspace : (Record no. 2263)
[ view plain ]
| 000 -LEADER | |
|---|---|
| fixed length control field | 00885nam a2200277Ia 4500 |
| 001 - CONTROL NUMBER | |
| control field | 2263 |
| 003 - CONTROL NUMBER IDENTIFIER | |
| control field | BD-DhEWU |
| 005 - DATE AND TIME OF LATEST TRANSACTION | |
| control field | 20140312173807.0 |
| 008 - FIXED-LENGTH DATA ELEMENTS--GENERAL INFORMATION | |
| fixed length control field | 110604s9999 xx g 001 0 und d |
| 020 ## - INTERNATIONAL STANDARD BOOK NUMBER | |
| International Standard Book Number | 8173710384 |
| 035 ## - SYSTEM CONTROL NUMBER | |
| System control number | (OCoLC)659991023 |
| 040 ## - CATALOGING SOURCE | |
| Original cataloging agency | BD-DhEWU |
| Modifying agency | BD-DhEWU |
| Language of cataloging | eng |
| Transcribing agency | BD-DhEWU |
| 041 ## - LANGUAGE CODE | |
| Language code of text/sound track or separate title | ENG |
| 082 ## - DEWEY DECIMAL CLASSIFICATION NUMBER | |
| Classification number | 338. 0285 |
| Item number | RAC 1999 |
| 100 1# - MAIN ENTRY--PERSONAL NAME | |
| Personal name | RAMU, S. Shiva |
| 9 (RLIN) | 5258 |
| 245 10 - TITLE STATEMENT | |
| Title | Cyberspace : |
| Remainder of title | and the repositioning of corporations |
| 260 ## - PUBLICATION, DISTRIBUTION, ETC. (IMPRINT) | |
| Place of publication, distribution, etc | Hyderabad : |
| Name of publisher, distributor, etc | Universities PressIndia), |
| Date of publication, distribution, etc | 1999 |
| 300 ## - PHYSICAL DESCRIPTION | |
| Extent | xxii,298 : |
| Other physical details | ill ; |
| Dimensions | 25 cm |
| 526 ## - STUDY PROGRAM INFORMATION NOTE | |
| Program name | CSE |
| 590 ## - LOCAL NOTE (RLIN) | |
| Local note | Tahur Ahmed |
| 653 #1 - INDEX TERM--UNCONTROLLED | |
| Uncontrolled term | Business |
| Uncontrolled term | Computer industry Business Multinational corporations |
| 856 ## - ELECTRONIC LOCATION AND ACCESS | |
| Materials specified | WorldCat details |
| Uniform Resource Identifier | http://www.worldcat.org/title/cyberspace-and-the-repositioning-of-corporations/oclc/659991023&referer=brief_results |
| 942 ## - ADDED ENTRY ELEMENTS (KOHA) | |
| Koha item type | Text |
| Source of classification or shelving scheme | Dewey Decimal Classification |
| 953 ## - Fulltext in GSDL | |
| Is Fulltext Available in GSDL? | Not Avaialable |
| Withdrawn status | Lost status | Source of classification or shelving scheme | Damaged status | Not for loan | Collection code | Home library | Current library | Shelving location | Date acquired | Source of acquisition | Cost, normal purchase price | Total Checkouts | Full call number | Barcode | Copy number | Koha item type |
|---|---|---|---|---|---|---|---|---|---|---|---|---|---|---|---|---|
| Dewey Decimal Classification | Not For Loan | Non-fiction | Dr. S. R. Lasker Library, EWU | Dr. S. R. Lasker Library, EWU | Reserve Section | 23/11/2000 | Karim International | 0.00 | 338. 0285 RAC | 8491 | C-2 | Text | ||||
| Dewey Decimal Classification | Non-fiction | Dr. S. R. Lasker Library, EWU | Dr. S. R. Lasker Library, EWU | Circulation Section | 23/11/2000 | Karim International | 0.00 | 338. 0285 RAC | 8493 | C-4 | Text | |||||
| Dewey Decimal Classification | Non-fiction | Dr. S. R. Lasker Library, EWU | Dr. S. R. Lasker Library, EWU | Circulation Section | 23/11/2000 | Karim International | 0.00 | 338. 0285 RAC | 8494 | C-5 | Text | |||||
| Dewey Decimal Classification | Not For Loan | Non-fiction | Dr. S. R. Lasker Library, EWU | Dr. S. R. Lasker Library, EWU | Reserve Section | 23/11/2000 | Karim International | 0.00 | 338. 0285 RAC | 8490 | C-1 | Text | ||||
| Dewey Decimal Classification | Non-fiction | Dr. S. R. Lasker Library, EWU | Dr. S. R. Lasker Library, EWU | Circulation Section | 23/11/2000 | Karim International | 0.00 | 338. 0285 RAC | 8492 | C-3 | Text |